| 000 | 00684nam a22002177a 4500 | ||
|---|---|---|---|
| 005 | 20150124121453.0 | ||
| 008 | 110125t sp||||| |||| 00| 0 spa d | ||
| 020 | _a8425424348 | ||
| 050 | 0 | 4 |
_aB45 _bB78 1983 |
| 100 | 1 | _aBrugger, Walter | |
| 245 | 1 | 0 |
_aDiccionario de filosofia / _cWalter Brugger; tr. J. M. Vélez Cantarell, tr., R. Gabás |
| 250 | _a1a ed. | ||
| 260 |
_aBarcelona, España : _bHerder, _cc1983 |
||
| 300 |
_a734 p. ; _c21 cm. |
||
| 500 | _aTraducción de : Philosophisches Wörterbuch | ||
| 504 | _aIncluye índice | ||
| 650 | 7 |
_2Lemb _aFilosofía _vDiccionarios |
|
| 700 | 1 |
_aVélez Cantarell, J. M., _etr. |
|
| 700 | 1 |
_aGabás, R., _etr. |
|
| 942 |
_2lcc _cLIB |
||
| 999 |
_c8959 _d8959 |
||